Marine diesel engines (Record no. 2187)

000 -LEADER
fixed length control field 00381nam a22001457a 4500
008 - FIXED-LENGTH DATA ELEMENTS--GENERAL INFORMATION
fixed length control field 200215b ||||| |||| 00| 0 eng d
082 00 - DEWEY DECIMAL CLASSIFICATION NUMBER
Classification number 623.87236
Item number P8767
100 ## - MAIN ENTRY--PERSONAL NAME
9 (RLIN) 803
Personal name Pounder, C. C.
245 10 - TITLE STATEMENT
Title Marine diesel engines
260 ## - PUBLICATION, DISTRIBUTION, ETC. (IMPRINT)
Place of publication, distribution, etc London
Name of publisher, distributor, etc George Newnes Ltd.
Date of publication, distribution, etc 1952
300 ## - PHYSICAL DESCRIPTION
Extent ix,434p.
365 ## - TRADE PRICE
Unit of pricing 26.04
650 #0 - SUBJECT ADDED ENTRY--TOPICAL TERM
Topical term or geographic name as entry element Marine Diesel Motors
942 ## - ADDED ENTRY ELEMENTS (KOHA)
Item type Books
Holdings
Withdrawn status Lost status Source of classification or shelving scheme Damaged status Not for loan Permanent location Current location Date acquired Source of acquisition Full call number Barcode Date last seen Koha item type
          IMU Kolkata IMU Kolkata 1953-03-18 E. W. Steves 623.87236 P8767 01788 2020-02-15 Books
Designed and Maintained by IMU-KC Library, Kolkata Campus © Copyright All Rights Reserved

webs counters

Powered by Koha